<?xml version="1.0" encoding="UTF-8"?><?xml-stylesheet type="text/xsl" href="static/style.xsl"?><OAI-PMH xmlns="http://www.openarchives.org/OAI/2.0/" xmlns:xsi="http://www.w3.org/2001/XMLSchema-instance" xsi:schemaLocation="http://www.openarchives.org/OAI/2.0/ http://www.openarchives.org/OAI/2.0/OAI-PMH.xsd"><responseDate>2026-06-03T10:51:19Z</responseDate><request verb="GetRecord" identifier="oai:riuma.uma.es:10630/26975" metadataPrefix="marc">https://riuma.uma.es/rest/oai/request</request><GetRecord><record><header><identifier>oai:riuma.uma.es:10630/26975</identifier><datestamp>2026-02-03T12:11:58Z</datestamp><setSpec>com_10630_2254</setSpec><setSpec>col_10630_37959</setSpec></header><metadata><record xmlns="http://www.loc.gov/MARC21/slim" xmlns:dcterms="http://purl.org/dc/terms/" xmlns:doc="http://www.lyncode.com/xoai" xmlns:xsi="http://www.w3.org/2001/XMLSchema-instance" xsi:schemaLocation="http://www.loc.gov/MARC21/slim http://www.loc.gov/standards/marcxml/schema/MARC21slim.xsd">
   <leader>00925njm 22002777a 4500</leader>
   <datafield ind2=" " ind1=" " tag="042">
      <subfield code="a">dc</subfield>
   </datafield>
   <datafield ind2=" " ind1=" " tag="720">
      <subfield code="a">Prado Manrique, Bertha</subfield>
      <subfield code="e">author</subfield>
   </datafield>
   <datafield ind2=" " ind1=" " tag="260">
      <subfield code="c">2023</subfield>
   </datafield>
   <datafield ind2=" " ind1=" " tag="520">
      <subfield code="a">La investigación político-criminal a nivel comparado busca entender y explicar las semejanzas y diferencias entre sistemas penales a partir de distintos criterios de comparación. En ese contexto, el instrumento RIMES busca comparar sistemas penales a partir del nivel de exclusión social que determinadas reglas y prácticas punitivas generan sobre los colectivos prioritarios del sistema penal: sospechosos, procesados, condenados y excondenados. Si bien este instrumento fue diseñado para ser aplicado a sistemas penales del norte global, actualmente se viene explorando su aplicabilidad en sistemas penales del sur global, concretamente en ordenamientos penales sudamericanos. La presente comunicación tiene como objetivo discutir los desafíos metodológicos encontrados durante la aplicación exploratoria del RIMES en tres sistemas penales sudamericanos: Chile, Perú y Colombia. Los hallazgos preliminares muestran la importancia de tener en cuenta las características y tradiciones político-criminales propias de estos ordenamientos al momento de aplicar el instrumento, así como de valorar críticamente los resultados obtenidos.</subfield>
   </datafield>
   <datafield ind1="8" ind2=" " tag="024">
      <subfield code="a">https://hdl.handle.net/10630/26975</subfield>
   </datafield>
   <datafield tag="653" ind2=" " ind1=" ">
      <subfield code="a">Derecho comparado</subfield>
   </datafield>
   <datafield ind2="0" ind1="0" tag="245">
      <subfield code="a">Desafíos de la investigación político-criminal comparada  en sistemas penales del Sur Global.</subfield>
   </datafield>
</record>
</metadata></record></GetRecord></OAI-PMH>